书目信息 |
| 题名: |
二十五史计谋大辞典
|
|
| 作者: | 何介钧 主编 ;贺刚 撰 | |
| 分册: | ||
| 出版信息: | 长沙 岳麓书社 1994.4 |
|
| 页数: | 696页 | |
| 开本: | 19cm | |
| 丛书名: | ||
| 单 册: | ||
| 中图分类: | K204.1-61 | |
| 科图分类: | 22.11073 | |
| 主题词: | 谋略-二十五史--词典 | |
| 电子资源: | ||
| ISBN: | 7-80520-465-9 | |
| 000 | 00815nam0 2200265 45 | |
| 001 | 0194042751 | |
| 005 | 20061116101301.35 | |
| 010 | @a7-80520-465-9@b精装@dCNY22.80 | |
| 100 | @a19931212d1994 em y0chiy0121 ea | |
| 101 | 0 | @achi |
| 102 | @aCN@b430000 | |
| 105 | @ay ze 000yy | |
| 200 | 10 | @a二十五史计谋大辞典@AER SHI WU SHI JI MOU DA CI DIAN@f何介钧主编@FHE JIE JUN ZHU BIAN@g贺 刚等撰 |
| 210 | @a长沙@c岳麓书社@d1994.4 | |
| 215 | @a696页@d19cm | |
| 330 | @a本书取材25史中的计谋故事、战例,归纳出94个计谋项目加以介绍。 | |
| 540 | 1 | @a计谋@AJI MOU |
| 605 | @a二十五史-谋略@x词典 | |
| 606 | @a谋略-二十五史@x词典 | |
| 690 | @aK204.1-61@v三版 | |
| 692 | @a22.11073 | |
| 701 | 0 | @a何介钧@AHE JIE JUN@4主编 |
| 702 | 0 | @a贺刚@AHE GANG@4撰 |
| 801 | 0 | @aCN@bTSSF@c20061116 |
| 905 | @a10447@dK204.1-61@e65 | |
| 二十五史计谋大辞典/何介钧主编/贺 刚等撰.-长沙:岳麓书社,1994.4 |
| 696页;19cm |
| ISBN 7-80520-465-9(精装):CNY22.80 |
| 本书取材25史中的计谋故事、战例,归纳出94个计谋项目加以介绍。 |
| ● |
| 相关链接 |
|
|
|
|
正题名:二十五史计谋大辞典
索取号:K204.1-61/65
 
预约/预借
| 序号 | 登录号 | 条形码 | 馆藏地/架位号 | 状态 | 备注 |
| 1 | 0263334 | 000807078 | 第二样本阅览室/ [索取号:K204.1-61/65] | 在馆 |